Vista normal
Vista MARC
Entrada Personal Name
Número de registros utilizados en: 2
001 - CONTROL NUMBER
- control field: 4370
003 - CONTROL NUMBER IDENTIFIER
- control field: DLC
005 - DATE AND TIME OF LATEST TRANSACTION
- control field: 20221111163407.0
008 - FIXED-LENGTH DATA ELEMENTS
- fixed length control field: 800825n| azannaabn |a aaa
010 ## - LIBRARY OF CONGRESS CONTROL NUMBER
- LC control number: n 50043634
035 ## - SYSTEM CONTROL NUMBER
- System control number: (OCoLC)oca00078800
040 ## - CATALOGING SOURCE
- Original cataloging agency: DLC
- Language of cataloging: spa
- Description conventions: rda
- Transcribing agency: Mx-PuUPA
- Modifying agency: DLC
- Modifying agency: NNC
- Modifying agency: OCoLC
- Modifying agency: CSt
- Modifying agency: UPB
- Modifying agency: Mx-PuUPA
046 ## - SPECIAL CODED DATES
- Birth date: 18731030
- Death date: 19130222
100 1# - HEADING--PERSONAL NAME
- Personal name: Madero, Francisco I.,
- Dates associated with a name: 1873-1913
370 ## - ASSOCIATED PLACE
- Place of birth: Parras de la Fuente (México)
- Place of death: Ciudad de México (México)
- Source of term: naf
374 ## - OCCUPATION
- Occupation: Presidente
- Occupation: Autor
- Source of term: lcsh
375 ## - GENDER
- Gender: hombre
377 ## - ASSOCIATED LANGUAGE
- Language code: spa
378 ## - FULLER FORM OF PERSONAL NAME
- Fuller form of personal name: Francisco Ignacio Madero González
400 1# - SEE FROM TRACING--PERSONAL NAME
- Control subfield: nnaa
- Personal name: Madero, Francisco Indalecio,
- Titles and other words associated with a name: Pres. Mexico,
- Dates associated with a name: 1873-1913
400 1# - SEE FROM TRACING--PERSONAL NAME
- Personal name: Madero González, Francisco Ignacio,
- Dates associated with a name: 1873-1913
400 1# - SEE FROM TRACING--PERSONAL NAME
- Personal name: González, Francisco Ignacio Madero,
- Dates associated with a name: 1873-1913
670 ## - SOURCE DATA FOUND
- Source citation: His La sucesión presidencial en 1910 ... 1911.
670 ## - SOURCE DATA FOUND
- Source citation: Wikipedia, 22 January 2015
- Information found: (Francisco I. Madero; Francisco Ignacio Madero González; 30 October 1873-22 February 1913) was a Mexican statesman, writer, and revolutionary who served as the 33rd president of Mexico from 1911 until his assassination in 1913; born in Parras de la Fuente, Coahuila, Mexico; died in Mexico City, Mexico)